Gestión de calidad / (Registro nro. 6096)

Detalles MARC
000 -LEADER
fixed length control field 01321nam a2200253Ia 4500
008 - FIXED-LENGTH DATA ELEMENTS--GENERAL INFORMATION
fixed length control field 191128s2010 mx a gr 000 0 spa d
020 ## - INTERNATIONAL STANDARD BOOK NUMBER
International Standard Book Number 9786070302602
040 ## - CATALOGING SOURCE
Original cataloging agency CO-JMCR
Transcribing agency CO-JMCR
041 0# - LANGUAGE CODE
Language code of text/sound track or separate title spa
082 04 - DEWEY DECIMAL CLASSIFICATION NUMBER
Classification number 658.4013 /
Item number M938g
Edition number 23
100 1# - MAIN ENTRY--PERSONAL NAME
Personal name Moyano, Francisco,
Relator term compilador
9 (RLIN) 11769
245 10 - TITLE STATEMENT
Title Gestión de calidad /
Statement of responsibility, etc. Francisco Moyano
250 ## - EDITION STATEMENT
Edition statement Primera edición
260 ## - PUBLICATION, DISTRIBUTION, ETC.
Place of publication, distribution, etc. México :
Name of publisher, distributor, etc. Siglo xxi,
Date of publication, distribution, etc. 2010.
300 ## - PHYSICAL DESCRIPTION
Extent 219 páginas :
Other physical details diagramas y gráficos a blanco y negro ;
Dimensions 21 cm.
490 0# - SERIES STATEMENT
Series statement Biblioteca básica de administración pública ;
Volume/sequential designation 7
500 ## - GENERAL NOTE
General note Incluye bibliografía al final de cada capítulo. Incluye notas a pie de páginas.
505 0# - FORMATTED CONTENTS NOTE
Formatted contents note Gobernanza y calidad en la gestión pública -- La gestión de la calidad total en la administración pública: mímesis y némesis -- Modelos de calidad para la gestión pública un análisis comparativo de los modelos EFQM, CAF y CICAGP -- Lo importante es partic
520 0# - SUMMARY, ETC.
Summary, etc. El libro analiza la incorporación de la calidad en el sector público como una respuesta a la necesidad de mejorar el desempeño de los gobiernos y el funcionamiento de la gestión pública.
650 24 - SUBJECT ADDED ENTRY--TOPICAL TERM
Topical term or geographic name entry element Gestión de calidad
9 (RLIN) 11770
650 24 - SUBJECT ADDED ENTRY--TOPICAL TERM
Topical term or geographic name entry element Administración pública
9 (RLIN) 11771
650 24 - SUBJECT ADDED ENTRY--TOPICAL TERM
Topical term or geographic name entry element Modelo de calidad--
9 (RLIN) 11772
942 ## - ADDED ENTRY ELEMENTS (KOHA)
Source of classification or shelving scheme Dewey Decimal Classification
Koha item type Books
Existencias
Withdrawn status Lost status Source of classification or shelving scheme Materials specified (bound volume or other part) Damaged status Not for loan Home library Current library Shelving location Date acquired Source of acquisition Full call number Barcode Date last seen Copy number Price effective from Koha item type
    Dewey Decimal Classification Donación--15/04/2018--     Biblioteca Pública José María del Castillo y Rada Biblioteca Pública José María del Castillo y Rada General Stacks 11/28/2019 Donación 658.4013 / M938g 430012028 05/16/2024 V.7 / Ej.1 11/28/2019 Books